000 00221nam a22000857a 4500
008 161124b xxu||||| |||| 00| 0 eng d
100 _91396
_a BPI India
245 _aThe Stork and the Crab
260 _aNew Delhi
_bBPI India
_c2011
999 _c4112
_d4112